Prompting Guide for Oral Reading and Early Guide (Record no. 25897)

MARC details
000 -LEADER
fixed length control field 00703nam a22002297a 4500
003 - CONTROL NUMBER IDENTIFIER
control field OSt
005 - DATE AND TIME OF LATEST TRANSACTION
control field 20260702112255.0
008 - FIXED-LENGTH DATA ELEMENTS--GENERAL INFORMATION
fixed length control field 260702b |||||||| |||| 00| 0 eng d
020 ## - INTERNATIONAL STANDARD BOOK NUMBER
International Standard Book Number 9780325043647
040 ## - CATALOGING SOURCE
Transcribing agency Chuka University Library
050 ## - LIBRARY OF CONGRESS CALL NUMBER
Classification number LB 1573 .F68 2012
100 ## - MAIN ENTRY--PERSONAL NAME
Personal name Fountas Irene C.
9 (RLIN) 27725
245 ## - TITLE STATEMENT
Title Prompting Guide for Oral Reading and Early Guide
260 ## - PUBLICATION, DISTRIBUTION, ETC.
Place of publication, distribution, etc. Portsmouth
Name of publisher, distributor, etc. Heinemann
Date of publication, distribution, etc. 2012
300 ## - PHYSICAL DESCRIPTION
Extent Various Pagings
650 ## - SUBJECT ADDED ENTRY--TOPICAL TERM
Topical term or geographic name entry element Reading--Study and Teaching (Elementary)
650 ## - SUBJECT ADDED ENTRY--TOPICAL TERM
Topical term or geographic name entry element Advocacy --Study and Teaching
9 (RLIN) 32592
650 ## - SUBJECT ADDED ENTRY--TOPICAL TERM
Topical term or geographic name entry element Reading Comprehension
9 (RLIN) 27306
650 ## - SUBJECT ADDED ENTRY--TOPICAL TERM
Topical term or geographic name entry element Language Arts (Elementary)
700 ## - ADDED ENTRY--PERSONAL NAME
Personal name Pinnell Gay Su.
9 (RLIN) 27723
942 ## - ADDED ENTRY ELEMENTS (KOHA)
Source of classification or shelving scheme Library of Congress Classification
Koha item type Long Loan Books
Suppress in OPAC No
Holdings
Withdrawn status Lost status Source of classification or shelving scheme Damaged status Not for loan Collection Home library Current library Shelving location Date acquired Source of acquisition Cost, normal purchase price Total Checkouts Full call number Barcode Date last seen Price effective from Koha item type
    Library of Congress Classification     General Collection Books Main Campus Library Main Campus Library General Stacks 02/07/2026 Donations From Books For Africa 6443.20   LB 1573 ,F68 2012 36642/2026 02/07/2026 02/07/2026 Long Loan Books

Powered by Koha